000 01171nam a22003497a 4500
003 CHAP
005 20220329143429.0
008 090706s1997 es r 00010 spa d
010 _a96481
011 _a97453
020 _a8471146665
035 _a108121
040 _cCHAP
082 0 4 _a630.946
_bL19
100 0 0 _aLamo de Espinosa, Jaime.
_964584
245 1 3 _aLa década perdida :
_b1986 - 1996: la agricultura española en europa
_c/por Jaime Lomo de Espinosa
260 _aMadrid :
_bMundi-Prensa,
_c1997
300 _a296 p. :
_bcuadros, gráfs.
590 _aBATCH-UPD
_b10
_c20130110
_lUCH01
_h1122
590 _aBATCH-UPD
_b10
_c20130410
_lUCH01
_h0712
590 _aBATCH-UPD
_b10
_c20130913
_lUCH01
_h2249
590 _aCONVERSION
_b10
_c20130109
_lUCH01
_h1353
650 1 4 _aAgricultura
_xAspectos economicos
_xEspana.
_91241
650 1 4 _aAgricultura
_xEuropa
_zEuropa.
_9175388
650 1 4 _aAgricultura
_xHistoria
_xEspaña.
_91514
650 1 4 _aAgricultura
_zEspaña.
_91923
650 1 4 _aPolítica agrícola.
_990283
901 _aBK
911 _aen proceso
942 _cLIBRO
949 _a630.946 L19
_bBC
_cLIBRO
_d33724002113694
_eLIBRO
_h110966
_i108121
_sb
999 _c96481
_d96481